00907nam a2200205 a 450000100100000000500170001000800410002702000150006804000250008310000370010824500940014526000540023930000610029349000420035450400730039671000620046983000480053195201050057999900170068400004180320201002035749.0131017s1987 sp ac 001 0 spa d a8400064429 aDO-SdBNPbspacBNPHU1 aCuadrado Díaz, Emeterio96867013aLa Necropolis Ibérica de «El Cigarralejo» (Mula, Murcia) /cEmeterio Cuadrado Díaz. aMadrid :bCentro de estudios históricos,c1987. a635, XXIV -46 p. :bil., retrs. ;c31 cm.e(46 p. : il.)1 aBibliotheca praehistorica hispanav23 aIncluye referencias bibliográficas y notas al pie de las páginas2 aConsejo Surperior de Investigaciones Científicas967611 0aBibliotheca prehistorica hispanav23968671 001050718MOaGRbGRcCTd2013-10-17iLF1l0o p41803-10r2020-06-25w2020-06-25y1ZNo se presta c41292d41292